000 00446nam a2200157 4500
999 _c5444
_d5444
008 161103b xxu||||| |||| 00| 0 eng d
022 _a9770118389007
082 _aDPer 641.05 F73 Mar-Jul 2013
100 _916756
_aUy, Amy A.
245 _a A taste for tea/
_cAmy A. Uy.
260 _aQuezon City:
_bABS CBN Publishing, Inc.,
_c©2013.
300 _apages 61-66;
_c30 cm.
500 _aFood.
650 0 _916757
_aTea
942 _2ddc
_cPER